An investigation into EFL high school students’ affective and linguistic factors influencing speaking English - A case at a high school in the Mekong delta : Master of education. Program: Principles and methods in English language education
This study is an investigation into EFL high school students' affective and linguistic factors influencing speaking English
Uloženo v:
| Hlavní autor: | |
|---|---|
| Médium: | Kniha |
| Jazyk: | Undetermined |
| Vydáno: |
Can Tho
Can Tho University
2015
|
| Témata: | |
| Tagy: |
Přidat tag
Žádné tagy, Buďte první, kdo otaguje tento záznam!
|
| Thư viện lưu trữ: | Trung tâm Học liệu Trường Đại học Cần Thơ |
|---|
| LEADER | 00997nam a2200241Ia 4500 | ||
|---|---|---|---|
| 001 | CTU_201387 | ||
| 008 | 210402s9999 xx 000 0 und d | ||
| 082 | |a 428.2407 | ||
| 082 | |b Nh300 | ||
| 088 | |a 60140111 | ||
| 100 | |a Ngô, Thị Nhi | ||
| 245 | 3 | |a An investigation into EFL high school students’ affective and linguistic factors influencing speaking English - A case at a high school in the Mekong delta : | |
| 245 | 0 | |b Master of education. Program: Principles and methods in English language education | |
| 245 | 0 | |c Ngô Thị Nhi ; Thái Công Dân (Supervisor) | |
| 260 | |a Can Tho | ||
| 260 | |b Can Tho University | ||
| 260 | |c 2015 | ||
| 520 | |a This study is an investigation into EFL high school students' affective and linguistic factors influencing speaking English | ||
| 650 | |a Tiếng Anh,English language | ||
| 650 | |x Dạy và học,Study and teaching | ||
| 904 | |i Nguyên | ||
| 910 | |a Khoa | ||
| 980 | |a Trung tâm Học liệu Trường Đại học Cần Thơ | ||